00399nam a22001337a 450000500170000002000220001703500130003903700130005210000200006524501080008525000120019326000410020530000190024620120417122613.0 a0195638476c00.00 aA-820696 aDPLbENG aBeteille, Andre aCaste, class and power :bChanging patterns of stratification in a Tanjore village /cby Andre Beteille a2nd ed. aDelhibOxford University Pressc1996 a298p.c18 cms.